000 01136cam a22001934a 4500
005 20250605163504.0
008 250528s ||||||||||||||||||||||||d
035 _a20351
020 _a103519
040 _aGR-AtMCL
_bgre
_dGR-AtMCL
_eAACR2
245 1 _aCommunication Arts / Design Annual 40
260 _bCoyne & Blanchard, Inc,
_c1999
300 _a344
505 0 _aAnnual Reports, Posters, Packaging, Corporate Identity, Institutional Brochures, Letterheads, Editorial, Public Service, Self Promotion, Design Technology, Columns, Trendwatch, Design Issues, Legal Affairs, Advertising, Departments, Contributors, Book Reviews, Clubs and Conferences and Seminars, Index to the 40th Design Annual, Directory.
520 _aAnnual Reports, Posters, Packaging, Corporate Identity, Institutional Brochures, Letterheads, Editorial, Public Service, Self Promotion, Design Technology, Columns, Trendwatch, Design Issues, Legal Affairs, Advertising, Departments, Contributors, Book Reviews, Clubs and Conferences and Seminars, Index to the 40th Design Annual, Directory.
942 _cBK
999 _c5471
_d5471